00277nam a2200121Ia 4500008004100000041000900041082001500050100002000065245002000085260003400105300000800139650000800147230718s9999 xx 000 0 und d aEng. a400bLEA-O alearning, media 0aoffice Practice aPakistanbBpp learning c2000 a188 aLaw